How do Financial Inclusion, Deposit Insurance, and Bank Concentration Affect Bank Stability?

Štúdia skúma nelineárnu súhru medzi stabilitou bánk, finančnou inklúziou, dizajnom poistenia vkladov a bankovou koncentráciou, využívajúc nevyvážené panelové dáta zo 122 krajín v rokoch 2004 až 2021. Konštrukciou nových indexov – vrátane kompozitného indexu morálneho hazardu (Moralhazard index) na k...

Descrizione completa

Salvato in:
Dettagli Bibliografici
Autore principale: Yu, Xiangyuan
Altri autori: Chang, Yiming, Li, Jiaqi
Natura: Capitolo di libro
Lingua:inglese
Soggetti:
Tags: Aggiungi Tag
Nessun Tag, puoi essere il primo ad aggiungerne!!

MARC

LEADER 00000naa a2200000 4500
001 0315180
005 20260227121719.8
041 0 |a eng 
044 |a CZ 
245 1 0 |a How do Financial Inclusion, Deposit Insurance, and Bank Concentration Affect Bank Stability?  |c Xiangyuan Yu, Yiming Chang, Jiaqi Li 
520 |a Štúdia skúma nelineárnu súhru medzi stabilitou bánk, finančnou inklúziou, dizajnom poistenia vkladov a bankovou koncentráciou, využívajúc nevyvážené panelové dáta zo 122 krajín v rokoch 2004 až 2021. Konštrukciou nových indexov – vrátane kompozitného indexu morálneho hazardu (Moralhazard index) na kvantifikáciu rizikových stimulov súvisiacich s poistením vkladov, indikátora finančnej inklúzie a miery nákazy (CONTAGION) na zachytenie efektu nákazy poistenia vkladov – autori poskytujú nové empirické pohľady na inštitucionálne synergie a kompromisy formujúce odolnosť bankového systému. 
610 2 0 |a stabilita finančná 
610 2 0 |a banky 
610 2 0 |a koncentrácia 
610 2 0 |a inklúzia finančná 
610 2 0 |a poistenie vkladov 
610 2 0 |a indexy 
610 2 0 |a analýzy 
100 1 |a Yu, Xiangyuan 
700 1 |a Chang, Yiming 
700 1 |a Li, Jiaqi